000 00617nam a2200229Ia 4500
003 OSt
005 20220928121852.0
006 a|||||r|||| 00| 0
007 ta
008 220927b |||||||| |||| 00| 0 eng d
024 _a38837
037 _cTextual
040 _aSDCL
_cSDCL
_beng
041 _2eng
_aeng
082 _aV2:5'N9, N9
100 _aSinha Manoj Kumar
_9375392
245 0 _aImplementation of basic human rights
260 _aNew Delhi
_bManak Publications
_c1999
300 _axiii,438p
_ccm.
942 _hV2:5'N9, N9
_cTEXL
_2CC
999 _c768299
_d768299